Musicarpia : guida femminista per una musica sovversiva e collettiva /

Guardat en:
Dades bibliogràfiques
Autor principal: Pezzoni, Federica
Altres autors: Castiglia, Anna
Format: Llibre
Idioma:italià
Publicat: [Morlupo] : Le plurali, 2025
Col·lecció:Le bussole ; 6
Etiquetes: Afegir etiqueta
Sense etiquetes, Sigues el primer a etiquetar aquest registre!

MARC

LEADER 00000nam a22000007i 4500
001 IT\ICCU\VIA\0605663
003 ItRI
005 20260220131608.0
008 250320s2025 it |||||| ||||| |||||c
020 |a 9791280559500 
040 |b ita  |c NP 
041 7 |a ita  |2 ISO-639-2 
082 |a 780.14  |2 23 
100 1 |a Pezzoni, Federica  |0 IT\ICCU\TSAV\693953 
240 1 0 |a Musicarpia  |9 Pezzoni, Federica 
245 1 0 |a Musicarpia :  |b guida femminista per una musica sovversiva e collettiva /  |c Federica Pezzoni ; prefazione di Anna Castiglia. 
260 |a [Morlupo] :  |b Le plurali,  |c 2025 
300 |a 164 p. :  |b ill. ;  |c 16 cm 
700 1 |a Castiglia, Anna  |0 IT\ICCU\VIAV\181312 
830 3 |a Le bussole ;  |v 6  |0 IT\ICCU\TO1\0034644 
942 |2 ddc  |c BK  |n 0 
952 |0 0  |1 0  |2 ddc  |4 0  |6 780_140000000000000_PEZ_MUS  |7 0  |9 33110  |a RO  |b RO  |d 2026-02-20  |l 0  |o 780.14 PEZ MUS  |p 11702  |r 2026-02-20 13:16:55  |w 2026-02-20  |y BK  |z Con dedica dell'autrice 
981 1 |6 z01  |a i   |b xxxe  
982 1 |6 z01  |a n 
999 |c 28769  |d 28769